Phân tích các nhân tố ảnh hưởng đến lượng vốn vay của nông hộ trên địa bàn tỉnh Kiên Giang : Luận văn Thạc sĩ kinh tế - Chuyên ngành Kinh tế Nông nghiệp

Đề tài nghiên cứu tình hình vay vốn của nông hộ, đánh giá khả năng tiếp cận vốn tín dụng và hiệu quả sử dụng vốn vay của nông hộ, ... đề xuất các giải pháp nhằm thúc đẩy phát triển thị trường tín dụng nông thôn....

Cur síos iomlán

Đã lưu trong:
Sonraí Bibleagrafaíochta
Príomhúdar: Trần, Bá Duy
Formáid: Leabhar
Teanga:Undetermined
Foilsithe: Cần Thơ Trường Đại học Cần Thơ 2009
Ábhair:
Clibeanna: Cuir Clib Leis
Gan Chlibeanna, Bí ar an gcéad duine leis an taifead seo a chlibeáil!
Thư viện lưu trữ: Trung tâm Học liệu Trường Đại học Cần Thơ
LEADER 01247nam a2200229Ia 4500
001 CTU_151982
008 210402s9999 xx 000 0 und d
082 |a 332.31 
082 |b D523 
088 |a 60620115 
100 |a Trần, Bá Duy 
245 0 |a Phân tích các nhân tố ảnh hưởng đến lượng vốn vay của nông hộ trên địa bàn tỉnh Kiên Giang : 
245 0 |b Luận văn Thạc sĩ kinh tế - Chuyên ngành Kinh tế Nông nghiệp 
245 0 |c Trần Bá Duy; Hướng dẫn khoa học Trương Đông Lộc 
260 |a Cần Thơ 
260 |b Trường Đại học Cần Thơ 
260 |c 2009 
520 |a Đề tài nghiên cứu tình hình vay vốn của nông hộ, đánh giá khả năng tiếp cận vốn tín dụng và hiệu quả sử dụng vốn vay của nông hộ, ... đề xuất các giải pháp nhằm thúc đẩy phát triển thị trường tín dụng nông thôn. 
650 |a Agriculture,Nông nghiệp 
650 |x Economic aspects,Khía cạnh kinh tế 
904 |i Trọng Hải 
980 |a Trung tâm Học liệu Trường Đại học Cần Thơ